|
003 -Nazwa inst., której nr kontr. jest w polu 001 [,]
|
-
- @
- Nazwa instytucji, której n kontrolny jest w polu 001
- NUKAT
|
|
005 -DATA I CZAS OSTATNIEJ MODYFIKACJI [,]
|
-
- @
- pole kontrolne
- 20241231092621.0
|
|
020 -Międzynarod. znormalizowany nr książki - ISBN [ , ]
|
-
- a
- Numer ISBN
- 9788365902139
-
- q
- Dopowiedzenie
- oprawa broszurowa
|
|
020 -Międzynarod. znormalizowany nr książki - ISBN [ , ]
|
-
- a
- Numer ISBN
- 9788365902146
-
- q
- Dopowiedzenie
- oprawa twarda
|
|
040 -Instytucja sporządzająca opis [ , ]
|
-
- a
- Instytucja, która sporządziła opis (NP)
- WR O/KS
-
- c
- Instytucja, która sporządziła rekord (NP)
- WR O/KSs
-
- d
- Instytucja, która zmodyfikowała rekord (P)
- WR O/LC
-
- d
- Instytucja, która zmodyfikowała rekord (P)
- WR O/KSs
-
- d
- Instytucja, która zmodyfikowała rekord (P)
- SZCZ U/ML
|
|
942 -Rodzaj dokumentu [ , ]
|
-
- c
- Rodzaj dokumentu
- Książka
|
|
600 -Hasło przedmiotowe w formie nazwy osobowej [1,7]
|
-
- a
- Nazwa osobowa
- Rymsza, Antoni
-
- d
- Daty związane z nazwą
- (1914-1994)
-
- v
- Określnik formalny
- powieści.
-
-
|
|
600 -Hasło przedmiotowe w formie nazwy osobowej [1,7]
|
-
- a
- Nazwa osobowa
- Rymsza, Aldona
-
- d
- Daty związane z nazwą
- (1921-2009)
-
- v
- Określnik formalny
- powieści.
-
-
|
|
600 -Hasło przedmiotowe w formie nazwy osobowej [1,7]
|
-
- a
- Nazwa osobowa
- Szendzielarz, Zygmunt
-
- d
- Daty związane z nazwą
- (1910-1951)
-
- v
- Określnik formalny
- powieści.
-
-
|
|
610 -Hasło przedmiotowe w formie nazwy ciała zbiorowego [1,7]
|
-
- a
- Nazwa ciała zbiorowego lub nazwa geograficzna
- Polska.
-
- b
- Nazwa jednostki podrzędnej
- Armia Krajowa.
-
- b
- Nazwa jednostki podrzędnej
- 5 Brygada Wileńska
-
- v
- Określnik formalny
- powieści.
-
-
|
|
650 -Hasło przedmiotowe [ ,7]
|
-
- a
- Hasło przedmiotowe
- Opór wobec władzy
-
- z
- Określnik geograficzny
- Polska
-
- y
- Określnik chronologiczny
- 1945-1970
-
- v
- Określnik formalny
- powieści.
-
-
|
|
650 -Hasło przedmiotowe [ ,7]
|
-
- a
- Hasło przedmiotowe
- Represje polityczne
-
- z
- Określnik geograficzny
- Polska
-
- y
- Określnik chronologiczny
- 1945-1970
-
- v
- Określnik formalny
- powieści.
-
-
|
|
650 -Hasło przedmiotowe [ ,7]
|
-
- a
- Hasło przedmiotowe
- Więźniowie polityczni
-
- z
- Określnik geograficzny
- Polska
-
- y
- Określnik chronologiczny
- 1945-1970
-
- v
- Określnik formalny
- powieści.
-
-
|
|
650 -Hasło przedmiotowe [ ,7]
|
-
- a
- Hasło przedmiotowe
- Zbrojne podziemie antykomunistyczne
-
- z
- Określnik geograficzny
- Polska
-
- v
- Określnik formalny
- powieści.
-
-
|
|
651 -Hasło przedmiotowe w formie nazwy geograficznej [ ,7]
|
-
- a
- Nazwa geograficzna
- Wilno (Litwa ; region)
-
- y
- Określnik chronologiczny
- 1939-1945 (Wojna i okupacja)
-
- v
- Określnik formalny
- powieści.
-
-
|
|
655 -Hasło w funkcji tematu formalnego [ ,7]
|
-
- a
- Hasło
- Powieść biograficzna polska
-
- y
- Określnik chronologiczny
- 1990-.
-
-
|
|
700 -Hasło dodatkowe - nazwa osobowa [1,2]
|
-
- a
- Nazwa osobowa (NP)
- Smalewski, Jan Stanisław
-
- d
- Daty biograficzne (NP)
- (1946- ).
-
- t
- Tytuł ujednolicony/tytuł (NP)
- U boku Łupaszki
-
- l
- Język tekstu (NP)
- (pol.)
-
|
|
700 -Hasło dodatkowe - nazwa osobowa [1,2]
|
-
- a
- Nazwa osobowa (NP)
- Smalewski, Jan Stanisław
-
- d
- Daty biograficzne (NP)
- (1946- ).
-
- t
- Tytuł ujednolicony/tytuł (NP)
- Żołnierze Łupaszki
-
- l
- Język tekstu (NP)
- (pol.)
-
|
|
700 -Hasło dodatkowe - nazwa osobowa [1,2]
|
-
- a
- Nazwa osobowa (NP)
- Smalewski, Jan Stanisław
-
- d
- Daty biograficzne (NP)
- (1946- ).
-
- t
- Tytuł ujednolicony/tytuł (NP)
- Więzień Kołymy
-
- l
- Język tekstu (NP)
- (pol.)
-
|
|
700 -Hasło dodatkowe - nazwa osobowa [1, ]
|
-
- a
- Nazwa osobowa (NP)
- Rymsza, Antoni
-
- d
- Daty biograficzne (NP)
- (1914-1994).
-
|
|
700 -Hasło dodatkowe - nazwa osobowa [1, ]
|
-
- a
- Nazwa osobowa (NP)
- Rymsza, Aldona
-
- d
- Daty biograficzne (NP)
- (1921-2009).
-
|
|
710 -Hasło dodatkowe - nazwa ciała zbiorowego [2, ]
|
-
- a
- Nazwa ciała zbiorowego lub nazwa geograficzna jako pierwszy element (NP)
- Oficyna Wydawnicza "Mireki".
-
-
|